00969nam a2200241 4500001000700000003000900007005001700016008004100033040004900074041000800123082002300131110006100154245011200215250002300327260006100350300003300411505003000444650006100474700004500535942001200580999001900592952011600611113585DR-UNIBE20250509093311.0250509b2001 es ||||| |||| 00| 0 spa d aBIBLIOTECA UNIBEbspacBIBLIOTECA UNIBEerda aspa 222a349.7284 E49 L10aRepública de El Salvador. Leyes, decretos, etc919487414aLey orgánica judicial :bcon sus reformas y decretos complementarios /ceditor: Ricardo Mendoza Orantes  aPrimera edición  aSan Salvador:bEditorial Jurídica Salvadoreña,c2001 a117 páginas :c21 x 1 5 cm aLey Orgánica Judicial  2lembaPoder judicialxLegislaciónzEl Salvador919514119aMendoza Orantes, Ricardo9195139eeditor 2ddccBK c113585d113585 00102ddc708GENaPrincipald2025-04-08l0o349.7284 E49 Lp250410r2025-05-09 09:31:18tEj. 1w2025-05-09yBK